| 000 | 01118nam a2200289 i 4500 | ||
|---|---|---|---|
| 001 | 92760 | ||
| 003 | ES-MaACL | ||
| 005 | 20230906181043.0 | ||
| 007 | t| | ||
| 008 | 050429s1967 sp |||| | spa d | ||
| 080 | _a314.154 | ||
| 100 | 1 |
_aHübner Gallo, Jorge Ivan. _964505 |
|
| 245 | 1 | 3 |
_aEl mito de la explosión demográfica _b: (la autorregulación material de las poblaciones) / _cJorge Ivan Hübner Gallo. |
| 260 |
_aMadrid : _bAteneo : _bEditora Nacional, _c1967. |
||
| 300 |
_a40 p. , [1] h. ; _c20 cm. |
||
| 490 | 1 |
_aColección Ateneo ; _v37 |
|
| 594 | _aConferencia pronunciada en el Ateneo de Madrid el 18 de octubre de 1966. | ||
| 598 | _aEn verso de anteport.: Esta colección la publica Editora Nacional. | ||
| 610 | 2 | 4 |
_aAteneo de Madrid- _vConferencias- _y1940-1982. _91908 |
| 650 |
_aPoblación. _916139 |
||
| 710 | 2 |
_aAteneo de Madrid. _91875 |
|
| 830 | 0 |
_aColección Ateneo ; _v37 _9180032 |
|
| 852 | 4 |
_aES-MaACL _j2185-F-26 |
|
| 852 |
_aES-MaACL _j2294-F-16 _xOlim P-512-bis |
||
| 852 |
_aES-MaACL _jP-211-Ter-4-3 _z.-En lomo: 35-42 |
||
| 999 |
_c92760 _d92760 |
||